00684cam a2200217 a 4500001000400000003001000004005001700014008004100031020001800072040002500090080001600115100002800131245011600159260003800275300002000313504002500333650002700358650002200385650002700407650003200434549BR-CuiBMT20231114200741.0231109s2019 mgb 000 0 por d a9788545006442 aBR-CuiBMTcBR-CuiBMT 22007a342.910aCabral, Flávio Garcia02aO conteúdo jurídico da eficiência administrativa /cFlávio Garcia Cabral ; prefácio, Emerson Gabardo. aBelo Horizonte :bFórum,c2019. a307 p. ;c22 cm aInclui bibliografia. aDireito administrativo aDireito público aDireito constitucional aAdministração pública